BSOP header

Clinical psychopharmacology made ridiculously simple / (Record no. 52621)

MARC details
000 -LEADER
fixed length control field 01862cam a2200385 a 4500
001 - CONTROL NUMBER
control field 4109
003 - CONTROL NUMBER IDENTIFIER
control field OCoLC
005 - DATE AND TIME OF LATEST TRANSACTION
control field 20240513154124.0
008 - FIXED-LENGTH DATA ELEMENTS--GENERAL INFORMATION
fixed length control field 191011s2020 flu bf 001 0 eng d
020 ## - INTERNATIONAL STANDARD BOOK NUMBER
International Standard Book Number 9781935660408
020 ## - INTERNATIONAL STANDARD BOOK NUMBER
International Standard Book Number 1935660403
040 ## - CATALOGING SOURCE
Original cataloging agency GO9
Language of cataloging eng
Transcribing agency GO9
Modifying agency GO9
-- OCLCF
-- LTSCA
-- OCLCO
-- OCLCA
-- OCLCQ
-- GWM
-- OCLCO
-- OCLCQ
-- OCLCO
-- PTTCL
041 0# - LANGUAGE CODE
Language code of text/sound track or separate title eng
042 ## - AUTHENTICATION CODE
Authentication code nbic
100 1# - MAIN ENTRY--PERSONAL NAME
Personal name Preston, John,
Dates associated with a name 1950-
245 10 - TITLE STATEMENT
Title Clinical psychopharmacology made ridiculously simple /
Statement of responsibility, etc John Preston, James Johnson.
250 ## - EDITION STATEMENT
Edition statement 9th ed.
260 ## - PUBLICATION, DISTRIBUTION, ETC. (IMPRINT)
Place of publication, distribution, etc Miami, FL :
Name of publisher, distributor, etc MedMaster,
Date of publication, distribution, etc c2022.
300 ## - PHYSICAL DESCRIPTION
Extent 88 p. ;
Dimensions 23 cm.
336 ## - CONTENT TYPE
Content Type Term text
337 ## - MEDIA TYPE
Media Type Term unmediated
338 ## - CARRIER TYPE
Carrier Type Term volume
490 1# - SERIES STATEMENT
Series statement Rapid learning and retention through the medmaster series.
500 ## - GENERAL NOTE
General note "Updated for DSM-5 and ICD"--Cover.
504 ## - BIBLIOGRAPHY, ETC. NOTE
Bibliography, etc Includes bibliographical references and index.
505 0# - FORMATTED CONTENTS NOTE
Formatted contents note General principles -- Depression -- Bipolar illness -- Anxiety disorders -- Psychotic disorders -- Miscellaneous disorders -- Over-the-counter medications and dietary supplements -- Enhancing medication adherence -- Non-response and "breakthrough symptoms" algorithms -- Case examples -- Appendix A: History and personal data questionnaire -- Appendix B: Special cautions when taking MAO inhibitors -- Appendix C: Caffeine consumption questionnaire -- Appendix D: On-line practice guidelines and updates.
650 #0 - SUBJECT ADDED ENTRY--TOPICAL TERM
Topical term or geographic name as entry element Psychotropic drugs.
650 #0 - SUBJECT ADDED ENTRY--TOPICAL TERM
Topical term or geographic name as entry element Psychopharmacology
Form subdivision Handbooks, manuals, etc.
650 #0 - SUBJECT ADDED ENTRY--TOPICAL TERM
Topical term or geographic name as entry element Psychotropic drugs
General subdivision pharmacology
Form subdivision Handbooks, manuals, etc.
650 #0 - SUBJECT ADDED ENTRY--TOPICAL TERM
Topical term or geographic name as entry element Psychology, Pathological
General subdivision drug therapy
Form subdivision Handbooks, manuals, etc.
650 #0 - SUBJECT ADDED ENTRY--TOPICAL TERM
Topical term or geographic name as entry element Mental illness
General subdivision drug therapy
Form subdivision Handbooks, manuals, etc.
700 1# - ADDED ENTRY--PERSONAL NAME
Personal name Johnson, James,
Dates associated with a name 1940-
830 #0 - SERIES ADDED ENTRY--UNIFORM TITLE
Uniform title Rapid learning and retention through the medmaster series.
942 ## - ADDED ENTRY ELEMENTS (KOHA)
Source of classification or shelving scheme Library of Congress Classification
Item type Books
Holdings
Withdrawn status Lost status Source of classification or shelving scheme Damaged status Not for loan Home library Current library Shelving location Date acquired Inventory number Total Checkouts Full call number Barcode Date last seen Price effective from Koha item type
    Library of Congress Classification     BSOP Library BSOP Library GC 04/22/2024 48212   RC483 P92 2022 00058348 04/22/2024 04/22/2024 Books
BSOP

Biblical Seminary of the Philippines
  All rights Reserved
  © 2024

CONTACT INFORMATION

Biblical Seminary of the Philippines,
  77-B Karuhatan Road, Valenzuela City,
  PHILIPPINES 1441
  Phone: +632 8292-6795 / 8292-6798
  Fax : +632 8292-6675
  Email: library@bsop.edu.ph